<?xml version="1.0" encoding="UTF-8"?>
<marc:record xmlns:marc="http://www.loc.gov/MARC21/slim">
   <marc:leader>00000nam a2200000 a 4500</marc:leader>
   <marc:datafield ind1="1" ind2=" " tag="100">
      <marc:subfield code="a">Teitelbaum, Michael</marc:subfield>
      <marc:subfield code="4">ctb</marc:subfield>
      <marc:subfield code="e">Mitwirkende/-r</marc:subfield>
   </marc:datafield>
   <marc:datafield ind1="0" ind2="0" tag="245">
      <marc:subfield code="a">Justice League</marc:subfield>
   </marc:datafield>
   <marc:datafield ind1="0" ind2="0" tag="245">
      <marc:subfield code="c">aus dem Amerikan. von Leo H. Strohm. Basierend auf dem gleichnamigen Drehbuch von Rich Fogel</marc:subfield>
   </marc:datafield>
   <marc:datafield ind1=" " ind2="1" tag="264">
      <marc:subfield code="a">Frankfurt, M.</marc:subfield>
      <marc:subfield code="b">Fischer KJB</marc:subfield>
      <marc:subfield code="c">2014</marc:subfield>
   </marc:datafield>
   <marc:datafield ind1="1" ind2=" " tag="520">
      <marc:subfield code="a">Angaben aus der Verlagsmeldung

Justice League – Die Liga der Gerechten 01: Angriff aus dem All Secret Origins / von Michael Teitelbaum

Sie sind die stärksten Superhelden der Welt und kämpfen Tag für Tag gegen das Böse. Aber manche Bedrohungen sind zu groß für einen einzelnen Helden. Als finstere Aliens die Erde angreifen, müssen sich Superman, Batman, Green Lantern, The Flash, Wonder Woman, Hawkgirl und der Martian Manhunter zusammentun, um unsere Welt zu beschützen. Sie bilden die Justice League, die Liga der Gerechten. Aber wird es ihnen gelingen, die übermächtige Alien-Armada zu stoppen?
</marc:subfield>
   </marc:datafield>
   <marc:datafield ind1=" " ind2=" " tag="020">
      <marc:subfield code="a">9783596856220</marc:subfield>
      <marc:subfield code="9">9783596856220</marc:subfield>
   </marc:datafield>
   <marc:datafield ind1=" " ind2=" " tag="020">
      <marc:subfield code="a">3596856221</marc:subfield>
      <marc:subfield code="9">3596856221</marc:subfield>
   </marc:datafield>
   <marc:datafield ind1=" " ind2=" " tag="041">
      <marc:subfield code="a">ger</marc:subfield>
   </marc:datafield>
   <marc:datafield ind1=" " ind2=" " tag="300">
      <marc:subfield code="a">170 S.</marc:subfield>
   </marc:datafield>
</marc:record>
